| 000 | 00820nam a22002537a 4500 | ||
|---|---|---|---|
| 003 | PE SENCICO BE | ||
| 005 | 20251020182627.0 | ||
| 008 | 230222b |||||||| |||| 00| 0 eng d | ||
| 020 | _a978-987-591-623-4 | ||
| 040 |
_aPE SENCICO BE _cPE SENCICO BE |
||
| 041 | _aspa | ||
| 082 |
_a728.37 _bZ36 |
||
| 100 | 1 |
_9675 _aZanni, Enrique _eautor |
|
| 245 | 1 |
_aPatología de fachadas : _blesiones y métodos de limpieza de fachadas con revoques símil piedra / _cEnrique Zanni |
|
| 250 | _a1a ed. | ||
| 260 |
_aCórdova : _bBrujas, _c2015 |
||
| 300 |
_a92 p. : _bil. col., fotog. _c24 cm. |
||
| 504 | _aBibliografía: p. 91-92. | ||
| 650 | 1 | 4 |
_9676 _aRehabilitación de edificios |
| 650 | 2 | 4 |
_977 _aViviendas |
| 650 | 2 | 4 |
_9677 _aFachadas |
| 910 |
_bhfp _chfp |
||
| 942 |
_2ddc _cLIB _h728.37 _iZ36 |
||
| 999 |
_c3847 _d3847 |
||